[Event "Gibraltar Challengers op-A"]
[Site "Caleta"]
[Date "2020.01.21"]
[Round "2"]
[White "Rakotomaharo, Yves Andre"]
[Black "Tranter, Stephen"]
[Result "0-1"]
[WhiteElo "2020"]
[BlackElo "1899"]
[PlyCount "112"]
[EventDate "2020.01.20"]
[EventType "swiss"]
[EventRounds "5"]
[EventCountry "GGB"]
[SourceTitle "CBM 194 Extra"]
[Source "ChessBase"]
[SourceDate "2020.03.31"]
[SourceVersion "1"]
[SourceVersionDate "2020.03.31"]
[SourceQuality "1"]

1. d4 e6 2. e4 b6 3. Bd3 Bb7 4. Nf3 Nf6 5. Qe2 c5 6. c3 Nc6 7. d5 Ne7 8. c4 d6 9. dxe6 fxe6 10. Bg5 e5 11. Nc3 Qd7 12. 0-0-0 0-0-0 13. Bc2 Nc6 14. Ba4 Qf7 15. Nd5 Ne7 16. Kb1 Nfxd5 17. cxd5 h6 18. Bc1 g5 19. Nd2 Ng6 20. g3 Be7 21. Bb5 h5 22. h3 Rdf8 23. Rdf1 Rh7 24. a4 Bd8 25. Nc4 Kc7 26. Ne3 Ne7 27. a5 Qf3 28. axb6+ axb6 29. Qc2 h4 30. Be2 Qf7 31. Qa4 Ng6 32. Bg4 Qe8 33. Qxe8 Rxe8 34. Bf5 Rg7 35. Ng4 Ba6 36. Rd1 Rf8 37. Bxg6 Rxg6 38. gxh4 gxh4 39. Rhe1 Bc8 40. Rf1 Bxg4 41. hxg4 Rxg4 42. f3 Rg2 43. f4 Re2 44. fxe5 Rxf1 45. exd6+ Kxd6 46. e5+ Rxe5 47. Rxf1 Rxd5 48. Bf4+ Kc6 49. Rg1 Kb5 50. Rg6 Rf5 51. Bb8 Bf6 52. Rg2 h3 53. Rh2 Rf3 54. Kc2 Kc4 55. Bc7 b5 56. Re2 Bd4 0-1

[Event "Analamanga-ch"]
[Site "Antananarivo"]
[Date "2015.08.15"]
[Round "3"]
[White "Rakotomaharo, Yves Andre"]
[Black "Razafindrabiaza, Christine"]
[Result "1-0"]
[WhiteElo "1991"]
[BlackElo "1692"]
[PlyCount "53"]
[EventDate "2015.08.15"]
[EventType "swiss"]
[EventRounds "6"]
[EventCountry "MAD"]
[SourceTitle "EXT 2018"]
[Source "ChessBase"]
[SourceDate "2017.10.13"]
[SourceVersion "1"]
[SourceVersionDate "2017.10.13"]
[SourceQuality "1"]

1. e4 e6 2. d4 d5 3. e5 c5 4. c3 Nc6 5. Nf3 h6 6. Bd3 cxd4 7. cxd4 Bb4+ 8. Nc3 Nge7 9. a3 Ba5 10. 0-0 0-0 11. b4 Bb6 12. Bc2 Nf5 13. Ne2 Bd7 14. Qd3 h5 15. h3 g6 16. Bg5 Qe8 17. g4 hxg4 18. hxg4 Ng7 19. Bf6 Qc8 20. Qd2 Bd8 21. Qh6 Bxf6 22. exf6 Ne8 23. g5 e5 24. Kg2 Bg4 25. Rh1 Bh5 26. Rxh5 Qg4+ 27. Ng3 1-0

[Event "African Games op 10th"]
[Site "Maputo"]
[Date "2011.09.10"]
[Round "6.4"]
[White "Rakotomaharo, Yves Andre"]
[Black "Mosetlhe, Kgaugelo"]
[Result "0-1"]
[WhiteElo "1977"]
[BlackElo "2119"]
[PlyCount "75"]
[EventDate "2011.09.05"]
[EventType "team-swiss"]
[EventRounds "9"]
[EventCountry "MOZ"]
[SourceTitle "CBM 144 Extra"]
[Source "ChessBase"]
[SourceDate "2011.10.28"]
[SourceVersion "1"]
[SourceVersionDate "2011.10.28"]
[SourceQuality "1"]
[WhiteTeam "Madagascar"]
[BlackTeam "South Africa"]
[WhiteTeamCountry "MAD"]
[BlackTeamCountry "RSA"]

1. e4 c5 2. Nf3 d6 3. d4 cxd4 4. Nxd4 Nf6 5. Nc3 a6 6. Be3 Ng4 7. Bc1 Nf6 8. Be3 e5 9. Nf3 Qc7 10. a4 b6 11. Bd3 Nbd7 12. Qe2 Bb7 13. 0-0 Be7 14. Nd2 0-0 15. Bg5 Nc5 16. Bxf6 Bxf6 17. Bc4 Ne6 18. Bd5 Nd4 19. Qd3 Bxd5 20. exd5 g6 21. Nce4 Bg7 22. c3 Nf5 23. g4 Ne7 24. g5 f5 25. gxf6 Bxf6 26. Nxf6+ Rxf6 27. Ne4 Rf4 28. f3 Nf5 29. Rf2 Qd8 30. Kf1 Qh4 31. Ke2 Rf8 32. Raf1 a5 33. Qc4 Qh5 34. Kd3 Nh4 35. Qc6 Rxf3+ 36. Kc4 Qg4 37. Kb3 Qxe4 38. Rxf3 0-1

[Event "African Games op 10th"]
[Site "Maputo"]
[Date "2011.09.07"]
[Round "3.4"]
[White "Sapalo, Gabriel"]
[Black "Rakotomaharo, Yves Andre"]
[Result "1/2-1/2"]
[WhiteElo "2213"]
[BlackElo "1977"]
[PlyCount "50"]
[EventDate "2011.09.05"]
[EventType "team-swiss"]
[EventRounds "9"]
[EventCountry "MOZ"]
[SourceTitle "CBM 144 Extra"]
[Source "ChessBase"]
[SourceDate "2011.10.28"]
[SourceVersion "1"]
[SourceVersionDate "2011.10.28"]
[SourceQuality "1"]
[WhiteTeam "Angola"]
[BlackTeam "Madagascar"]
[WhiteTeamCountry "ANG"]
[BlackTeamCountry "MAD"]

1. e4 c5 2. Nf3 d6 3. d4 cxd4 4. Nxd4 Nf6 5. Nc3 g6 6. Bg5 Bg7 7. Bb5+ Bd7 8. Qe2 Nc6 9. Bxc6 bxc6 10. 0-0-0 Qa5 11. h4 h6 12. Nb3 Qc7 13. e5 dxe5 14. Bxf6 Bxf6 15. Nc5 Bc8 16. g4 h5 17. gxh5 Rxh5 18. Rdg1 Kf8 19. N3e4 Rxh4 20. Nxf6 Rxh1 21. Nfd7+ Bxd7 22. Rxh1 Kg7 23. Qd2 Bf5 24. Qh6+ Kf6 25. Qh4+ Kg7 1/2-1/2

[Event "African Games op 10th"]
[Site "Maputo"]
[Date "2011.09.06"]
[Round "2.4"]
[White "Rakotomaharo, Yves Andre"]
[Black "Dennis, Frans"]
[Result "1/2-1/2"]
[WhiteElo "1977"]
[BlackElo "2027"]
[PlyCount "77"]
[EventDate "2011.09.05"]
[EventType "team-swiss"]
[EventRounds "9"]
[EventCountry "MOZ"]
[SourceTitle "CBM 144 Extra"]
[Source "ChessBase"]
[SourceDate "2011.10.28"]
[SourceVersion "1"]
[SourceVersionDate "2011.10.28"]
[SourceQuality "1"]
[WhiteTeam "Madagascar"]
[BlackTeam "Namibia"]
[WhiteTeamCountry "MAD"]
[BlackTeamCountry "NAM"]

1. d4 Nf6 2. Nf3 g6 3. Bf4 Bg7 4. h3 d5 5. c3 Nbd7 6. Nbd2 c6 7. Qc2 a5 8. e4 dxe4 9. Ng5 Nd5 10. Bg3 e3 11. Nde4 0-0 12. f4 h6 13. Nf3 a4 14. Ne5 Nxe5 15. dxe5 Qb6 16. Bd3 Bf5 17. a3 Rfd8 18. 0-0-0 Qa7 19. Bh2 b5 20. g4 Bxe4 21. Bxe4 e6 22. f5 exf5 23. gxf5 gxf5 24. Bxf5 b4 25. cxb4 Ne7 26. Bh7+ Kh8 27. Rd6 Rab8 28. Rg1 c5 29. Qg2 Ng6 30. Bxg6 Rxd6 31. exd6 fxg6 32. Qxg6 cxb4 33. d7 Rg8 34. Be5 Qc5+ 35. Bc3 bxc3 36. Qxg7+ Rxg7 37. d8Q+ Kh7 38. Qd3+ Kh8 39. Qd8+ 1/2-1/2

[Event "Reunion op 10th"]
[Site "St Denis"]
[Date "2008.10.16"]
[Round "7"]
[White "Letreguilly, Olivier"]
[Black "Rakotomaharo, Yves Andre"]
[Result "1-0"]
[WhiteElo "2339"]
[BlackElo "1999"]
[PlyCount "85"]
[EventDate "2008.10.11"]
[EventType "swiss"]
[EventRounds "9"]
[EventCountry "RUF"]
[SourceTitle "EXT 2009"]
[Source "ChessBase"]
[SourceDate "2008.11.26"]
[SourceVersion "1"]
[SourceVersionDate "2008.11.26"]
[SourceQuality "1"]

1. Nf3 Nf6 2. c4 g6 3. Nc3 Bg7 4. d4 d6 5. Bf4 Nh5 6. Be3 0-0 7. Qd2 a6 8. Bh6 Nc6 9. Bxg7 Nxg7 10. d5 Ne5 11. Nxe5 dxe5 12. e4 e6 13. Be2 exd5 14. cxd5 Qh4 15. g3 Qh3 16. 0-0-0 Ne8 17. Kb1 Nd6 18. f3 Kg7 19. g4 f6 20. Rc1 Qh6 21. Qe1 Rf7 22. Nd1 b6 23. h4 Kg8 24. Rc3 f5 25. gxf5 gxf5 26. Rg1+ Kf8 27. Bd3 f4 28. Rc2 Bb7 29. Rcg2 Ke7 30. Rg5 Qf6 31. Nf2 Bc8 32. Qc3 Kd8 33. Rg8+ Ne8 34. d6 Qxd6 35. Bc4 Rd7 36. Qb3 Bb7 37. Bf7 Ke7 38. Bxe8 Rxe8 39. Rxe8+ Kxe8 40. Qg8+ Qf8 41. Qg5 Qe7 42. Qh5+ Kf8 43. Qh6+ 1-0

[Event "Reunion op 10th"]
[Site "St Denis"]
[Date "2008.10.12"]
[Round "3"]
[White "Seegolam, Atmaram"]
[Black "Rakotomaharo, Yves Andre"]
[Result "0-1"]
[WhiteElo "1854"]
[BlackElo "1499"]
[PlyCount "76"]
[EventDate "2008.10.11"]
[EventType "swiss"]
[EventRounds "9"]
[EventCountry "RUF"]
[SourceTitle "EXT 2009"]
[Source "ChessBase"]
[SourceDate "2008.11.26"]
[SourceVersion "1"]
[SourceVersionDate "2008.11.26"]
[SourceQuality "1"]

1. c4 Nf6 2. Nf3 g6 3. Nc3 Bg7 4. e4 d6 5. Be2 0-0 6. 0-0 e5 7. h3 c5 8. d3 h6 9. Be3 Nc6 10. Qd2 Kh7 11. Nh2 Nd4 12. Bxd4 cxd4 13. Nb5 a6 14. Na3 Be6 15. b4 Nd7 16. g4 h5 17. Kg2 Bh6 18. Qd1 Bf4 19. Rh1 Kg7 20. Nf1 hxg4 21. hxg4 Qg5 22. Ng3 Nf6 23. f3 Rh8 24. Nc2 Rxh1 25. Qxh1 Rh8 26. Qg1 Bxg3 27. Kxg3 Qh4+ 28. Kg2 Nh5 29. Kf1 Ng3+ 30. Ke1 Nxe4+ 31. Kd1 Nc3+ 32. Kd2 Qg5+ 33. Ke1 Qf4 34. a4 Rh2 35. Bd1 Qd2+ 36. Kf1 Qxd3+ 37. Ke1 Qd2+ 38. Kf1 Bxc4+ 0-1

[Event "Reunion op 10th"]
[Site "St Denis"]
[Date "2008.10.11"]
[Round "1"]
[White "Ane, Regis"]
[Black "Rakotomaharo, Yves Andre"]
[Result "0-1"]
[WhiteElo "1986"]
[BlackElo "1499"]
[PlyCount "62"]
[EventDate "2008.10.11"]
[EventType "swiss"]
[EventRounds "9"]
[EventCountry "RUF"]
[SourceTitle "EXT 2009"]
[Source "ChessBase"]
[SourceDate "2008.11.26"]
[SourceVersion "1"]
[SourceVersionDate "2008.11.26"]
[SourceQuality "1"]

1. e4 c5 2. Nf3 Nc6 3. d4 cxd4 4. Nxd4 Nf6 5. Nc3 e5 6. Ndb5 d6 7. Na3 h6 8. Nc4 Be6 9. Ne3 Rc8 10. a3 Be7 11. Be2 Nd4 12. 0-0 0-0 13. Kh1 Rxc3 14. bxc3 Nxe2 15. Qxe2 Nxe4 16. c4 f5 17. Nd5 Bh4 18. f3 Ng3+ 19. hxg3 Bxg3 20. Nf4 exf4 21. Qxe6+ Kh7 22. Rd1 Qh4+ 23. Kg1 Bf2+ 24. Kf1 Bc5 25. Ke2 Qf2+ 26. Kd3 Qd4+ 27. Ke2 Qxa1 28. Bxf4 Qc3 29. Rd2 Qxa3 30. Bxd6 Rf6 31. Qc8 Qe3+ 0-1